Pasar a voz
Uloženo v:
| Hlavní autor: | |
|---|---|
| Médium: | Kniha |
| Jazyk: | Undetermined |
| Vydáno: |
São Paulo, Brasil
Scortecci
1996
|
| Témata: | |
| Tagy: |
Přidat tag
Žádné tagy, Buďte první, kdo vytvoří štítek k tomuto záznamu!
|
MARC
| LEADER | 00000nam a2200000Ia 4500 | ||
|---|---|---|---|
| 008 | 170316s9999 xx 000 0 und d | ||
| 040 | |a cru BVZT | ||
| 090 | |a 869 G-1p | ||
| 100 | |a Guimaraes Ferreira, Izacyl | ||
| 245 | |a Pasar a voz | ||
| 260 | |a São Paulo, Brasil | ||
| 260 | |b Scortecci | ||
| 260 | |c 1996 | ||
| 300 | |a 149 páginas | ||
| 650 | |a LITERATURA BRASILEÑA | ||
| 999 | |c 11702 |d 11702 | ||
| 942 | |c 15 D |h 869 G-1p |2 z | ||
